Contract, tort and restitution statutes : 2011-2012 (Record no. 586598)

000 -LEADER
fixed length control field 00415nam a22001337a 4500
020 ## - INTERNATIONAL STANDARD BOOK NUMBER
International Standard Book Number 9780415633819
Terms of availability `
082 ## - DEWEY DECIMAL CLASSIFICATION NUMBER
Classification number 346.4202
100 ## - MAIN ENTRY--PERSONAL NAME
Personal name Devenney, James; Johnson, Howard,
245 ## - TITLE STATEMENT
Title Contract, tort and restitution statutes : 2011-2012
Statement of responsibility, etc. Devenney, James; Johnson, Howard,
260 ## - PUBLICATION, DISTRIBUTION, ETC.
Place of publication, distribution, etc. London
Name of publisher, distributor, etc. Routledge
Date of publication, distribution, etc. 2014
300 ## - PHYSICAL DESCRIPTION
Extent 491p
942 ## - ADDED ENTRY ELEMENTS (KOHA)
Source of classification or shelving scheme
Koha item type Book
Holdings
Withdrawn status Lost status Source of classification or shelving scheme Damaged status Not for loan Permanent Location Current Location Date acquired Full call number Barcode Date last seen Price effective from Koha item type
          NUST Law School (NLS) NUST Law School (NLS) 10/27/2021 346.4202 DEV CL-632 10/27/2021 10/27/2021 Book
© 2023 Central Library, National University of Sciences and Technology. All Rights Reserved.